Famous Twins Quiz Stats

 Plays Quiz not verified by Sporcle

Score 0/11 Timer 05:00
0 Plays Today
what they are known for twins % Correct
actressesMary-Kate and Ashely Olsen
67.3%
harry potter (characters)Fred and George Weasley
44.9%
alice in wonderlandTweedle dee and Tweedle dum
38.8%
rugratsphil and Lil Deville
20.4%
sweet life of ______ and ________Zach and Cody Martin
18.4%
FacebookTyler and Cameron Winklevoss
14.3%
canucks Daniel and Henrik Sedin
10.2%
Parent trapHallie and Annie James
10.2%
kate plus 8Maddy and Cara Gosslin
8.2%
Siamese Chang and Eng Bunker
6.1%
full houseNicky and Alex Kotsopolis
0%

You're not logged in!

Compare scores with friends on all Sporcle quizzes.
OR
Log In

Show Comments

Extras

Top Quizzes Today


Score Distribution

Your Account Isn't Verified!

In order to create a playlist on Sporcle, you need to verify the email address you used during registration. Go to your Sporcle Settings to finish the process.

Report this User

Report this user for behavior that violates our Community Guidelines.

Details: